| 000 | 00927nam a22001817a 4500 | ||
|---|---|---|---|
| 003 | OSt | ||
| 005 | 20251113085258.0 | ||
| 008 | 251108b |||||||| |||| 00| 0 eng d | ||
| 040 | _cDCL | ||
| 082 | _a၂၉၄.၃၈၂၃၅၆ | ||
| 130 |
_aတိပိဋက။ _pသုတ္တန္တပိဋက။ _pခုဒ္ဒကနိကာယ။ _tထေရာအပါဒါန်၊ _lပါဠိတော်။ |
||
| 245 | _aထေရာအပဒါန် ပါဠိတော်။ | ||
| 264 |
_aရန်ကုန် ၊ _bဟံသာဝတီသတင်းစာပုံနှိပ်တိုက်၊ _c၁၉၀၉။ |
||
| 300 |
_a၄၈၈ စာမျက်နှာ ၊ _c၃၀ စင်တီ။ |
||
| 650 |
_aထေရာပဒါန် _vပါဠိတော်။ |
||
| 650 |
_aထေရာအပါဒါန် _vပါဠိတော်။ |
||
| 942 |
_2ddc _cSHORT TERM _n0 |
||
| 999 |
_c2438 _d2438 |
||